Statistiques concernant Pays avec le plus grand PIB par habitant

Cliquez ici pour prendre le quiz!

Statistiques générales

  • Ce quiz a été pris 247 fois
  • Le résultat moyen est 16 sur 20

Statistiques - réponses

PIB/habPays% Correct
54 609$États-Unis
97%
44 730$France
93%
45 925$Allemagne
91%
53 118$Canada
90%
82 971$Suisse
90%
102 331$Norvège
86%
115 542$Luxembourg
85%
59 595$Suède
85%
50 037$Finlande
81%
60 256$Danemark
79%
62 127$Australie
77%
49 273$Pays-Bas
76%
102 450$Qatar
76%
47 166$Belgique
74%
51 641$Autriche
69%
53 671$Singapour
69%
49 888$Irlande
66%
47 619$Islande
65%
43 424$Émirats arabes unis
54%
47 048$Koweït
50%

Distribution des résultats

Percentile par nombre de réponses

% des personnes avec chaque résultat

Votre développement - résultats

Vous n’avez pas pris ce quiz